Elements of chemistry (Record no. 183296)

000 -LEADER
fixed length control field 01040 a2200193 4500
003 - CONTROL NUMBER IDENTIFIER
control field Nust
005 - DATE AND TIME OF LATEST TRANSACTION
control field 20221011154002.0
010 ## - LIBRARY OF CONGRESS CONTROL NUMBER
LC control number 73017623
020 ## - INTERNATIONAL STANDARD BOOK NUMBER
International Standard Book Number 0442216319
040 ## - CATALOGING SOURCE
Transcribing agency Nust
082 00 - DEWEY DECIMAL CLASSIFICATION NUMBER
Classification number 540,COO
100 1# - MAIN ENTRY--PERSONAL NAME
Personal name Cook, Donald Jack,
9 (RLIN) 99936
245 10 - TITLE STATEMENT
Title Elements of chemistry
Statement of responsibility, etc. [by] Donald J. Cook.
260 ## - PUBLICATION, DISTRIBUTION, ETC.
Place of publication, distribution, etc. New York,
Name of publisher, distributor, etc. Van Nostrand
Date of publication, distribution, etc. [1974]
300 ## - PHYSICAL DESCRIPTION
Extent xv, 450 p.
Other physical details illus.
Dimensions 24 cm.
505 ## - FORMATTED CONTENTS NOTE
Formatted contents note The Substance And The Shadow (Page-10), The Bent Molecule (Page-26), On The Spring Of The Air (Page-40), The Legacy Of Levoisier (Page-62), Something Reasonable (Page-76), The Passion And The Pride (Page-90), Equal Numbers (Page-102), The Magna Carta Of Chemistry (Page-118),Bridges To The Mind (Page-140), Matter In Transition (Page-166), The Odyssey Of Amber (Page-182), Shadows At Noon (Page-202), The Mysterious Bond (Page-242), The Crucible Of Fire (Page-272), The Elusive Acids (Page-294), The Molecule Makers (Page-312), The Gathering Storm (Page-370).
650 #0 - SUBJECT ADDED ENTRY--TOPICAL TERM
Topical term or geographic name entry element Chemistry
General subdivision History.
9 (RLIN) 99937
942 ## - ADDED ENTRY ELEMENTS (KOHA)
Source of classification or shelving scheme
Koha item type Book
Holdings
Withdrawn status Lost status Source of classification or shelving scheme Damaged status Not for loan Collection code Permanent Location Current Location Date acquired Total Checkouts Full call number Barcode Date last seen Price effective from Koha item type
            Military College of Signals (MCS) Military College of Signals (MCS) 12/12/2016   540 COO MCS7106 12/08/2016 12/12/2016 Book
© 2023 Central Library, National University of Sciences and Technology. All Rights Reserved.